Encyclopaedia Of Cyber Laws / (Record no. 66339)

MARC details
000 -LEADER
fixed length control field 00791nam a22002177a 4500
005 - DATE AND TIME OF LATEST TRANSACTION
control field 20180409102223.0
010 ## - LCCN (DPL NO)
LC control number B-457986-990 ENG-122510
020 ## - INTERNATIONAL STANDARD BOOK NUMBER
International Standard Book Number 9788183763417
Terms of availability 1195.00
035 ## - SYSTEM CONTROL NUMBER
System control number B-457986-990 EN-106042
037 ## - SOURCE OF ACQUISITION
Stock number dpl
Source of stock number/acquisition K.K.Pub/Ven
037 ## - SOURCE OF ACQUISITION
Source of stock number/acquisition DBAD/PUB.
082 ## - DEWEY DECIMAL CLASSIFICATION NUMBER
Classification number 343.5409944
100 ## - MAIN ENTRY--PERSONAL NAME
Personal name Sujeet Kumar
245 ## - TITLE STATEMENT
Title Encyclopaedia Of Cyber Laws /
Statement of responsibility, etc by Sujeet Kumar
260 ## - PUBLICATION, DISTRIBUTION, ETC. (IMPRINT)
Place of publication, distribution, etc New Delhi
Name of publisher, distributor, etc ABD Pub
Date of publication, distribution, etc 2011
270 ## - ADDRESS
Address 102 Ist Floor Satyam House 4327/3 Ansari Road Darya Ganj
City New Delhi
Postal code 110002
Telephone number 011-45652440
Electronic mail address abdpublishersjpr@yahoo.in
300 ## - PHYSICAL DESCRIPTION
Extent V,311p
Dimensions 21cm(Hb)
500 ## - GENERAL NOTE
General note Include index
942 ## - ADDED ENTRY ELEMENTS (KOHA)
Source of classification or shelving scheme Dewey Decimal Classification
Item type English Books
Call number suffix SUJ
Classification part 343.5409944
Holdings
Withdrawn status Lost status Not for loan Collection code Home library Current library Date acquired Cost, normal purchase price Full call number Barcode Cost, replacement price Koha item type Source of acquisition Copy number
      Non-fiction Bawana Bawana 14/05/2012 1195.00 3435409944 SUJ B-457989 1.00 English Books    
    Not For Loan Reference Central Library Central Library 14/05/2012 1195.00 3435409944 SUJ B-457986 1.00 English Books    
        Patel Nagar Patel Nagar 14/05/2012 1195.00 3435409944 SUJ B-457987 1.00 English Books    
      Non-fiction Sarojini Nagar Sarojini Nagar 14/05/2012 1195.00 3435409944 SUJ B-457988 1.00 English Books    
        Shahdara Branch Shahdara Branch 14/05/2012 1195.00 3435409944 SUJ B-457990 1.00 English Books    
    Not For Loan Non-fiction D.B.Act.Division Shahdara Branch 06/04/2018 1195.00 343.5409944 SUJ EN-106042 1195.00 English Books DBAD/PUB 1

© Delhi Public Library
Hit Counter
free hit counter